Normal view MARC view

Entry Personal Name

Number of records used in: 1

001 - CONTROL NUMBER

  • control field: 76850

003 - CONTROL NUMBER IDENTIFIER

  • control field: dpl

005 - DATE AND TIME OF LATEST TRANSACTION

  • control field: 20250121164304.0

008 - FIXED-LENGTH DATA ELEMENTS

  • fixed length control field: 250121|| aca||aabn | a|a d

040 ## - CATALOGING SOURCE

  • Original cataloging agency: dpl
  • Transcribing agency: dpl

100 ## - HEADING--PERSONAL NAME

  • Personal name: Tejgyan global Foundation

670 ## - SOURCE DATA FOUND

  • Source citation: Work cat.: (dpl)208670: Tejgyan global Foundation, गर्भ संस्कार सवाल जवाब; The Essence of a Mother's Journey during Pregnancy;, 2023

© Delhi Public Library
Hit Counter
free hit counter